| 000 | 00358nam a2200145Ia 4500 | ||
|---|---|---|---|
| 003 | LK-CoDNM | ||
| 008 | 010623t xxu||||| |||| 00| 1 eng d | ||
| 040 |
_aLK-CoDNM _dLK-CoDNM _eLK-CoDNM |
||
| 041 | _aeng | ||
| 080 |
_a50 _bC6 |
||
| 245 | _aThe Passengers Guide to Colombo or how to get there | ||
| 300 | _b16P,2ill., 20 cm | ||
| 650 | _aCities | ||
| 942 | _cBK | ||
| 999 |
_c136417 _d136417 |
||